header

Values and perceptions of the Islamic and Middle Eastern publics (Record no. 248720)

MARC details
000 -LEADER
fixed length control field 01349nam a2200337Ia 4500
245 00 - TITLE STATEMENT
Title Values and perceptions of the Islamic and Middle Eastern publics
250 ## - EDITION STATEMENT
Edition statement 1st ed.
260 ## - PUBLICATION, DISTRIBUTION, ETC. (IMPRINT)
Place of publication New York :
Name of publisher Palgrave Macmillan,
Year of publication 2007.
300 ## - PHYSICAL DESCRIPTION
Number of Pages xx, 355 p. :
Other physical details ill.
650 #0 - SUBJECT ADDED ENTRY--TOPICAL TERM
Topical Term Social values
700 1# - ADDED ENTRY--PERSONAL NAME
Personal name Moaddel, Mansoor.
856 40 - ELECTRONIC LOCATION AND ACCESS
Uniform Resource Identifier http://site.ebrary.com/lib/rucke/Doc?id=10171491

No items available.

© 2026 Rongo University
Contact us: librarian | system librarian | Rongo university